Dossier: Emmanuel Church, Chesham (Record no. 48138)

MARC details
000 -LEADER
fixed length control field 00639cab a2200241 4500
001 - CONTROL NUMBER
control field ABS50595
008 - FIXED-LENGTH DATA ELEMENTS--GENERAL INFORMATION
fixed length control field 090401t1994 xxu||||| |||| 00| 0 eng d
035 ## - SYSTEM CONTROL NUMBER
System control number (Sirsi) u76593
041 ## - LANGUAGE CODE
Language code of text/sound track or separate title eng
110 ## - MAIN ENTRY--CORPORATE NAME
Corporate name or jurisdiction name as entry element Anthony Williams and Partners
9 (RLIN) 3
245 ## - TITLE STATEMENT
Title Dossier: Emmanuel Church, Chesham
260 ## - PUBLICATION, DISTRIBUTION, ETC.
Date of publication, distribution, etc. 1994
350 ## - PRICE (NR) (BK AM CF MU VM SE) [OBSOLETE]
Price 0
490 ## - SERIES STATEMENT
Series statement Building
Volume/sequential designation 259(7845) 27 May 1994, 39-46(8)
650 ## - SUBJECT ADDED ENTRY--TOPICAL TERM
Topical term or geographic name entry element BUILT ENVIRONMENT-BUILDING COSTS
650 ## - SUBJECT ADDED ENTRY--TOPICAL TERM
Topical term or geographic name entry element CHURCH BUILDINGS
650 ## - SUBJECT ADDED ENTRY--TOPICAL TERM
Topical term or geographic name entry element CHURCHES
650 ## - SUBJECT ADDED ENTRY--TOPICAL TERM
Topical term or geographic name entry element COST ANALYSIS
650 ## - SUBJECT ADDED ENTRY--TOPICAL TERM
Topical term or geographic name entry element SPECIFICATION
690 ## - LOCAL SUBJECT ADDED ENTRY--TOPICAL TERM (OCLC, RLIN)
Topical term or geographic name as entry element BUILDING AND CONSTRUCTION-PROJECTS
942 ## - ADDED ENTRY ELEMENTS (KOHA)
Suppress in OPAC 0
948 ## - LOCAL PROCESSING INFORMATION (OCLC); SERIES PART DESIGNATOR (RLIN)
c (OCLC) 04/03/1997
Holdings
Withdrawn status Lost status Source of classification or shelving scheme Damaged status Not for loan Home library Current library Shelving location Date acquired Total Checkouts Full call number Barcode Date last seen Copy number Price effective from Koha item type
    Dewey Decimal Classification     London London Journal article 14/09/1999   ABS50595 76593-1001 06/08/2019 1 06/08/2019 Journal article